000 00287nam a22001337a 4500
020 _a1-55166-075-X
082 _a823
_bJOR/C
100 _aJORDAN,PENNY
245 _aCRUEL LEGACY
260 _aLONDON
_bWORLD WIDE BOOKS
300 _a538
650 _aNOVEL, ENGLISH
_zLONDON
942 _cBK
999 _c2394
_d2394